[Event "Niedersachsen-chT U14"]
[Site "Verden an der Aller"]
[Date "2008.05.04"]
[Round "7.2"]
[White "Weihs, Lennart"]
[Black "Meyer, Magnus"]
[Result "1-0"]
[WhiteElo "948"]
[BlackElo "1050"]
[PlyCount "51"]
[EventDate "2008.05.01"]
[EventType "team-tourn"]
[EventRounds "7"]
[EventCountry "GER"]
[SourceTitle "EXT 2009"]
[Source "ChessBase"]
[SourceDate "2008.11.26"]
[SourceVersion "1"]
[SourceVersionDate "2008.11.26"]
[SourceQuality "1"]

1. d4 e5 2. dxe5 Nc6 3. Nf3 Qe7 4. Nc3 Nxe5 5. Nxe5 Qxe5 6. Qd5 Qxd5 7. Nxd5 Bd6 8. b3 c6 9. Bb2 f6 10. Ne3 Ne7 11. g3 0-0 12. 0-0-0 a5 13. Rxd6 b5 14. Bh3 f5 15. Rf1 g6 16. g4 f4 17. Ng2 g5 18. Bf6 Nd5 19. Bxg5 Nb4 20. Kb2 a4 21. Bxf4 a3+ 22. Kb1 Re8 23. e3 Ra7 24. g5 Re6 25. Bxe6+ dxe6 26. Rd8+ 1-0

[Event "Niedersachsen-ch U12"]
[Site "Rotenburg/Wuemme"]
[Date "2006.04.13"]
[Round "9"]
[White "Meyer, Magnus"]
[Black "Duessler, Stefanie"]
[Result "0-1"]
[WhiteElo "895"]
[BlackElo "1243"]
[PlyCount "94"]
[EventDate "2006.04.08"]
[EventType "swiss"]
[EventRounds "11"]
[EventCountry "GER"]
[SourceTitle "EXT 2007"]
[Source "ChessBase"]
[SourceDate "2006.11.23"]
[SourceVersion "1"]
[SourceVersionDate "2006.11.23"]
[SourceQuality "1"]

1. e4 e5 2. Nf3 Nf6 3. Bc4 Bc5 4. Ng5 0-0 5. Nc3 d6 6. h3 h6 7. Nf3 Be6 8. Bxe6 fxe6 9. d3 Nbd7 10. Bd2 Qe7 11. Qe2 Qf7 12. 0-0-0 c6 13. g4 Nh7 14. Nh4 Qxf2 15. Ng6 Qxe2 16. Nxe2 Rf6 17. Nh4 g5 18. Nf5 exf5 19. exf5 Rff8 20. h4 Ndf6 21. hxg5 hxg5 22. Rh3 a5 23. a4 b5 24. b3 bxa4 25. bxa4 Rab8 26. Bxa5 Ba3+ 27. Kd2 Bb4+ 28. Bxb4 Rxb4 29. Nc3 Rxg4 30. Rg1 Rf4 31. a5 Rxf5 32. a6 Rf2+ 33. Kc1 Ra8 34. Ne4 Nxe4 35. dxe4 Rxa6 36. Rd3 Ra1+ 37. Kb2 Rxg1 38. Rxd6 Rf6 39. Rd8+ Kf7 40. Rd7+ Kg6 41. Re7 Re1 42. Rxe5 Kf7 43. Kc3 Re6 44. Rc5 R1xe4 45. Kd3 Re3+ 46. Kd2 Rh3 47. Kc1 g4 0-1

[Event "BEM-ch U12"]
[Site "Helmstedt"]
[Date "2005.10.27"]
[Round "2"]
[White "Meyer, Magnus"]
[Black "Fenske, Gloria"]
[Result "1-0"]
[WhiteElo "861"]
[BlackElo "986"]
[PlyCount "124"]
[EventDate "2005.10.27"]
[EventType "tourn"]
[EventRounds "7"]
[EventCountry "GER"]
[SourceTitle "EXT 2007"]
[Source "ChessBase"]
[SourceDate "2006.11.23"]
[SourceVersion "1"]
[SourceVersionDate "2006.11.23"]
[SourceQuality "1"]

1. e4 e5 2. Nf3 Nf6 3. Bc4 h6 4. Nxe5 d6 5. Nxf7 Qe7 6. Nxh8 Qxe4+ 7. Qe2 Qxe2+ 8. Bxe2 b6 9. Bf3 d5 10. 0-0 Bb7 11. Nc3 Nc6 12. Bxd5 Nxd5 13. Nxd5 0-0-0 14. c4 Nd4 15. d3 Nc2 16. Rb1 Nd4 17. Nf7 Rd7 18. Ne5 Rd8 19. Be3 Ne2+ 20. Kh1 Bxd5 21. cxd5 Rxd5 22. Rbe1 Ng3+ 23. fxg3 Bb4 24. Rc1 Rxe5 25. Bf4 Re7 26. Rxc7+ Rxc7 27. Bxc7 Kxc7 28. Rf7+ Kc6 29. Rxg7 a5 30. Rg6+ Bd6 31. Rxh6 Kd5 32. h4 Bxg3 33. h5 b5 34. Rg6 Be5 35. Rg5 a4 36. b3 axb3 37. axb3 Kd4 38. h6 Bf6 39. h7 Kc3 40. Rg8 Kxb3 41. h8Q Bxh8 42. Rxh8 Kc3 43. Rb8 b4 44. Rb5 b3 45. Rxb3+ Kxb3 46. g4 Kc3 47. g5 Kxd3 48. g6 Kc4 49. g7 Kd5 50. g8Q+ Ke5 51. Kg2 Ke4 52. Qg5 Kd4 53. Qf5 Ke3 54. Kg3 Kd4 55. Kf4 Kc4 56. Qe5 Kd3 57. Qe4+ Kc3 58. Ke3 Kb3 59. Qd4 Kc2 60. Qd3+ Kb2 61. Kd2 Ka1 62. Qb5 Ka2 1-0